| 000 | 00364nam a2200145Ia 4500 | ||
|---|---|---|---|
| 008 | 230917s9999||||xx |||||||||||||| ||und|| | ||
| 040 |
_e133013 _aMAIN |
||
| 041 | _aEnglish | ||
| 082 | _a352.054558 H22R | ||
| 100 | _aHargian Singh | ||
| 245 | 0 | _aPanchayati raj administration in Haryana | |
| 260 |
_aNew Delhi _bIndira _c1985 |
||
| 300 | _a152p. p. | ||
| 942 | _cBK | ||
| 999 |
_c51788 _d51788 |
||